000 00282nam a22001337a 4500
020 _a93-9042-990-0
082 _a894.812.3
_bVAL/K
100 _aVALSALA, P
245 _aKOLLI
260 _aTHRISSUR
_bGREEN BOOKS
300 _a120
650 _aMALAYALAM NOVEL
_zKERALA
942 _cBK
999 _c7154
_d7154